[Event "ICS rated blitz match"]
[Site "204.178.125.65"]
[Date "2000.10.15"]
[Round "?"]
[White "metalbeast"]
[Black "Hossa"]
[Result "1-0"]
[WhiteElo "2254"]
[BlackElo "2516"]
[PlyCount "109"]
[EventDate "2000.??.??"]

1. e4 c5 2. Nf3 Nc6 3. d4 cxd4 4. Nxd4 e6 5. Nc3 d6 6. Bc4 Nf6 7. Be3 Be7 8.
Qe2 O-O 9. O-O-O Ne5 10. Bb3 Bd7 11. h3 Qc8 12. f4 Nc6 13. g4 Nb4 14. g5 Ne8
15. h4 a5 16. h5 a4 17. h6 axb3 18. hxg7 Nxg7 19. Qh2 h5 20. gxh6 Nxa2+ 21.
Nxa2 bxa2 22. hxg7 a1=Q+ 23. Kd2 Qa5+ 24. c3 Qcxc3+ 25. bxc3 Qa2+ 26. Nc2 Qxc2+
27. Kxc2 Ra2+ 28. Kb1 Rxh2 29. gxf8=Q+ Kxf8 30. Rxh2 Bc6 31. e5 dxe5 32. fxe5
Be4+ 33. Kb2 f5 34. exf6 Bxf6 35. Rf2 Kg7 36. Bd4 Bf5 37. Bxf6+ Kxf6 38. Rd7 b6
39. Rb7 Ke5 40. Rxb6 Bd3 41. Rf3 Bg6 42. Re3+ Kf4 43. Rexe6 Bd3 44. c4 Bh7 45.
c5 Bg8 46. Re1 Bh7 47. c6 Kg3 48. c7 Bf5 49. Rbe6 Bh7 50. c8=Q Bd3 51. Qc3 Kh4
52. Qxd3 Kg4 53. Rg6+ Kf4 54. Rf1+ Ke5 55. Rf5# {Hossa checkmated} 1-0

[Event "ICS rated blitz match"]
[Site "204.178.125.65"]
[Date "2000.10.15"]
[Round "?"]
[White "Hossa"]
[Black "Einsteller"]
[Result "1-0"]
[WhiteElo "2490"]
[BlackElo "2255"]
[PlyCount "43"]
[EventDate "2000.??.??"]

1. e4 c5 2. c3 Nf6 3. e5 Nd5 4. d4 e6 5. Nf3 cxd4 6. cxd4 Nc6 7. Nc3 Nxc3 8.
bxc3 d6 9. exd6 Bxd6 10. Bd3 h6 11. O-O O-O 12. Be3 b6 13. Qc2 Bb7 14. Rfd1 Na5
15. Ne5 Rc8 16. Re1 Bxe5 17. dxe5 Qd5 18. f3 Qxe5 19. Bxb6 Qxc3 20. Bh7+ Kh8
21. Qxc3 Rxc3 22. Bxa5 {Einsteller resigns} 1-0

[Event "ICS rated blitz match"]
[Site "204.178.125.65"]
[Date "2000.10.15"]
[Round "?"]
[White "Hossa"]
[Black "SK"]
[Result "1-0"]
[WhiteElo "2497"]
[BlackElo "2174"]
[PlyCount "93"]
[EventDate "2000.??.??"]

1. e4 c5 2. Nf3 d6 3. b4 cxb4 4. d4 Bg4 5. Bb5+ Nd7 6. O-O e6 7. Bf4 a6 8. Be2
Be7 9. Nbd2 Ngf6 10. h3 Bh5 11. Rb1 a5 12. Re1 O-O 13. Ng5 Bxe2 14. Qxe2 h6 15.
Ngf3 d5 16. e5 Nh7 17. Rec1 Rc8 18. Qb5 b6 19. Nf1 Qc7 20. Rb3 Qc6 21. Qd3 Qc4
22. Qd2 Rc6 23. h4 Rfc8 24. h5 Qa6 25. Rbb1 Rc3 26. Ne3 Qa8 27. Nd1 R3c6 28.
Qe2 Nb8 29. Ra1 Qa6 30. Qd2 Nd7 31. Nb2 Qb5 32. Rab1 Rc3 33. Nd1 R3c6 34. c3
Qa6 35. Qb2 b5 36. cxb4 Bxb4 37. a3 Rxc1 38. Rxc1 Rxc1 39. Qxc1 Bf8 40. Qc7 Nb6
41. Qd8 Nc4 42. Bc1 b4 43. axb4 axb4 44. Ne1 Qa1 45. Nb2 Qxc1 46. Nbd3 Nd2 47.
Nxc1 {SK resigns} 1-0

[Event "ICS rated standard match"]
[Site "204.178.125.65"]
[Date "2000.10.15"]
[Round "?"]
[White "Hossa"]
[Black "mainboard64"]
[Result "1-0"]
[WhiteElo "2408"]
[BlackElo "1969"]
[PlyCount "36"]
[EventDate "2000.??.??"]

1. e4 e5 2. Nf3 f5 3. Nxe5 Qf6 4. Nc4 fxe4 5. Nc3 Qf7 6. Ne3 c6 7. Nxe4 d5 8.
Ng5 Qf6 9. h4 h6 10. Nf3 d4 11. Nc4 b5 12. Qe2+ Kd8 13. Nce5 Bd6 14. Qe4 Bxe5
15. Nxe5 Bf5 16. Qxd4+ Kc7 17. d3 Nd7 18. Bf4 Kb7 {mainboard64 resigns} 1-0

[Event "ICS rated blitz match"]
[Site "204.178.125.65"]
[Date "2000.10.15"]
[Round "?"]
[White "BlackBadger"]
[Black "Hossa"]
[Result "0-1"]
[WhiteElo "2243"]
[BlackElo "2501"]
[PlyCount "50"]
[EventDate "2000.??.??"]

1. d4 d5 2. Nf3 e6 3. e3 Nf6 4. Bd3 c5 5. c3 Nc6 6. Nbd2 cxd4 7. exd4 Bd6 8.
O-O b6 9. Re1 Qc7 10. Qe2 Bb7 11. Ne5 h6 12. f4 O-O-O 13. a4 Kb8 14. b4 a5 15.
Rb1 axb4 16. Nxc6+ Qxc6 17. cxb4 Qxa4 18. Nf3 Bxb4 19. Bd2 Bxd2 20. Qxd2 Ne4
21. Qb2 Qa5 22. Ne5 Rhg8 23. Rxe4 dxe4 24. Ra1 Qd5 25. Qxb6 Qxd4+ {
BlackBadger resigns} 0-1

[Event "ICS rated blitz match"]
[Site "204.178.125.65"]
[Date "2000.10.15"]
[Round "?"]
[White "Hossa"]
[Black "BlackBadger"]
[Result "1-0"]
[WhiteElo "2507"]
[BlackElo "2237"]
[PlyCount "53"]
[EventDate "2000.??.??"]

1. e4 c5 2. Nf3 Nc6 3. d4 cxd4 4. Nxd4 Nf6 5. Nxc6 bxc6 6. Nc3 d6 7. Bc4 e5 8.
Qd3 Be7 9. O-O O-O 10. Rd1 Be6 11. Bg5 h6 12. Bxf6 Bxf6 13. Bxe6 fxe6 14. Qxd6
Qxd6 15. Rxd6 Rfd8 16. Rxc6 Rd2 17. Rc1 Rad8 18. Rxe6 Bg5 19. Rxe5 Rf8 20. Rf5
Rb8 21. b3 Rc8 22. Rf3 Bf6 23. Nd5 Bg5 24. Rc3 Re8 25. f4 Bd8 26. Rd3 Re2 27.
e5 {BlackBadger resigns} 1-0

[Event "ICS Rated standard match"]
[Site "204.178.125.65"]
[Date "2000.10.15"]
[Round "?"]
[White "BrazilianMaster"]
[Black "Hossa"]
[Result "1-0"]
[WhiteElo "2636"]
[BlackElo "2410"]
[PlyCount "119"]
[EventDate "2000.??.??"]

1. e4 c5 2. Nf3 d6 3. d4 cxd4 4. Nxd4 e5 5. Ne2 Nf6 6. Nbc3 Be7 7. Ng3 O-O 8.
Nh5 Nxh5 9. Qxh5 Be6 10. Bd3 Nc6 11. a3 Qd7 12. Nd5 Bd8 13. Ne3 Nd4 14. O-O Rc8
15. c3 g6 16. Qh6 Nb3 17. Rb1 Nc5 18. Bc2 Nb3 19. Rd1 Nxc1 20. Rbxc1 Bf6 21.
Nd5 Bxd5 22. Rxd5 Qd8 23. Rcd1 Bg5 24. Qh3 Qb6 25. b3 Qa6 26. Rxd6 Qxa3 27. Qd3
Qb2 28. c4 Rfd8 29. Rd5 b5 30. Qe2 bxc4 31. bxc4 Qb4 32. Bd3 Qe7 33. Qa2 Rc7
34. Qb2 Re8 35. Be2 Qf6 36. Qb5 Rcc8 37. c5 Rb8 38. Qa4 Qe7 39. c6 Rb4 40. Qa5
Rb6 41. Rd7 Qe6 42. c7 Kg7 43. Qxa7 Rb2 44. Bf1 Rc8 45. Qa6 Qxa6 46. Bxa6 Ra8
47. c8=Q Rxc8 48. Bxc8 Bh4 49. g3 Bg5 50. h4 Bf6 51. Ra7 Rc2 52. Be6 Kh6 53.
Rxf7 Bh8 54. Rdd7 Rc1+ 55. Kg2 Bg7 56. Rxg7 Rg1+ 57. Kxg1 g5 58. Rxh7+ Kg6 59.
h5+ Kf6 60. Rh6# {Hossa checkmated} 1-0

[Event "ICS rated blitz match"]
[Site "204.178.125.65"]
[Date "2000.10.15"]
[Round "?"]
[White "warps"]
[Black "Hossa"]
[Result "1-0"]
[WhiteElo "2725"]
[BlackElo "2515"]
[PlyCount "127"]
[EventDate "2000.??.??"]

1. e4 c5 2. Nf3 d6 3. d4 cxd4 4. Nxd4 Nf6 5. Nc3 Nc6 6. Bg5 e6 7. Qd2 a6 8.
O-O-O h6 9. Be3 Be7 10. f4 O-O 11. e5 dxe5 12. Nxc6 Qxd2+ 13. Rxd2 bxc6 14.
fxe5 Nd7 15. Bf4 f6 16. exf6 Bxf6 17. Bd6 Bg5 18. Bxf8 Kxf8 19. Bc4 Bxd2+ 20.
Kxd2 Ke7 21. Re1 e5 22. Ne4 Nb6 23. Bd3 a5 24. Nf2 Kf6 25. Be4 Bd7 26. Nd3 Rb8
27. b3 Re8 28. Rf1+ Kg5 29. Rf7 g6 30. Nc5 Bf5 31. c4 Rd8+ 32. Ke3 Rc8 33. Ra7
a4 34. Ra6 Rb8 35. Bxc6 axb3 36. axb3 Kh4 37. Nd3 Kg5 38. Nxe5 Nc8 39. Nf3+ Kh5
40. h3 Ne7 41. g4+ Bxg4 42. hxg4+ Kxg4 43. Ne5+ Kg5 44. Ba4 h5 45. Re6 Nf5+ 46.
Ke4 Nh4 47. c5 Rb4+ 48. Kd5 Rb8 49. c6 Rd8+ 50. Ke4 Rc8 51. b4 Rc7 52. b5 Ra7
53. Bd1 Kh6 54. b6 Ra1 55. c7 Rxd1 56. c8=Q Re1+ 57. Kd3 Kg7 58. Re7+ Kf6 59.
Rf7+ Kxe5 60. Qh8+ Kd6 61. Qd4+ Kc6 62. Rc7+ Kb5 63. Qb2+ Ka4 64. Ra7# {
Hossa checkmated} 1-0

[Event "ICS Rated blitz match"]
[Site "204.178.125.65"]
[Date "2000.10.15"]
[Round "?"]
[White "Hossa"]
[Black "warps"]
[Result "0-1"]
[WhiteElo "2508"]
[BlackElo "2732"]
[PlyCount "114"]
[EventDate "2000.??.??"]

1. d4 Nf6 2. Bf4 e6 3. e3 b6 4. Bd3 Nd5 5. Nh3 Nxf4 6. Nxf4 Bb4+ 7. c3 Be7 8.
Nd2 O-O 9. O-O d6 10. Qh5 f5 11. d5 exd5 12. Nxd5 Nc6 13. Bc4 Kh8 14. Nxe7 Qxe7
15. Bd5 Bd7 16. Rfe1 Be8 17. Qe2 Bd7 18. Nf3 a6 19. Qc4 b5 20. Qe2 Rab8 21. Qc2
Ne5 22. Nxe5 Qxe5 23. Rad1 c6 24. Bb3 d5 25. Qc1 Kg8 26. Rd4 Be6 27. Qd1 a5 28.
Qf3 b4 29. cxb4 Rxb4 30. Rc1 Bd7 31. Rxb4 axb4 32. Rb1 f4 33. Bc2 Rf6 34. e4
Re6 35. Qb3 f3 36. Qxf3 dxe4 37. Qe3 Re7 38. Qb6 c5 39. Qd8+ Kf7 40. a4 e3 41.
Bb3+ Be6 42. Bxe6+ Rxe6 43. f4 Qd4 44. Qxd4 cxd4 45. f5 Re5 46. Rc1 d3 47. Rc7+
Kf6 48. Rc6+ Kxf5 49. g4+ Kxg4 50. Rd6 e2 51. Rd4+ Kf5 52. Kg2 e1=Q 53. Rd5
Rxd5 54. a5 Qe2+ 55. Kg3 d2 56. a6 Rd3+ 57. Kh4 Qxh2# {Hossa checkmated} 0-1

[Event "ICS rated standard match"]
[Site "204.178.125.65"]
[Date "2000.10.15"]
[Round "?"]
[White "Interceptor"]
[Black "Hossa"]
[Result "1-0"]
[WhiteElo "2537"]
[BlackElo "2403"]
[PlyCount "54"]
[EventDate "2000.??.??"]

1. d4 Nf6 2. c4 c5 3. Nf3 cxd4 4. Nxd4 e5 5. Nf3 e4 6. Nd4 d5 7. Nc3 dxc4 8.
Bg5 Qb6 9. Bxf6 gxf6 10. Qa4+ Nc6 11. Nxc6 Qxb2 12. Ne5+ Ke7 13. Nd5+ Ke6 14.
Rd1 Kxe5 15. Qxc4 Kf5 16. g3 Kg6 17. Bg2 f5 18. Nf4+ Kg7 19. O-O Ba3 20. Rb1
Qe5 21. Rb5 Qd6 22. Bh3 Re8 23. Bxf5 Qc6 24. Qb3 e3 25. Nh5+ Kh6 26. Qxf7 exf2+
27. Rxf2 Qc1+ {Hossa resigns} 1-0

[Event "ICS rated standard match"]
[Site "204.178.125.65"]
[Date "2000.10.16"]
[Round "?"]
[White "Hossa"]
[Black "puter"]
[Result "1/2-1/2"]
[WhiteElo "2393"]
[BlackElo "2389"]
[PlyCount "99"]
[EventDate "2000.??.??"]

1. e4 e5 2. Nf3 Nf6 3. d4 Nxe4 4. Bd3 d5 5. Nxe5 Nd7 6. O-O Nxe5 7. dxe5 Nc5 8.
Be2 c6 9. Be3 Be7 10. c4 Qc7 11. cxd5 Qxe5 12. dxc6 O-O 13. cxb7 Bxb7 14. Qd4
Qxd4 15. Bxd4 Rfd8 16. Rd1 Ne6 17. Be3 Rxd1+ 18. Bxd1 Bc5 19. Bxc5 Nxc5 20. Nc3
Rd8 21. Bc2 g6 22. Rd1 Rxd1+ 23. Nxd1 Kg7 24. Nc3 Kf6 25. f3 Ke5 26. b4 Ne6 27.
Bb3 f5 28. Bxe6 Kxe6 29. a4 Ke5 30. Nb5 a6 31. Na7 Kd4 32. h4 Kc4 33. b5 axb5
34. axb5 Kc5 35. h5 gxh5 36. Kh2 f4 37. Kh3 Bd5 38. Kh4 Bc4 39. Kxh5 Bf1 40.
Kg5 Kb6 41. Nc8+ Kxb5 42. Nd6+ Kc6 43. Ne4 Bxg2 44. Kxf4 h5 45. Kg3 Bxf3 46.
Kxf3 h4 47. Nf6 h3 48. Kg3 h2 49. Kg2 h1=Q+ 50. Kxh1 {
Game drawn because neither player has mating material} 1/2-1/2

[Event "ICS rated standard match"]
[Site "204.178.125.65"]
[Date "2000.10.16"]
[Round "?"]
[White "puter"]
[Black "Hossa"]
[Result "1-0"]
[WhiteElo "2389"]
[BlackElo "2393"]
[PlyCount "65"]
[EventDate "2000.??.??"]

1. e4 e5 2. Nf3 Nf6 3. Nxe5 Qe7 4. d4 d6 5. Nf3 Nxe4 6. Be2 Rg8 7. O-O g6 8.
Re1 d5 9. c4 Be6 10. cxd5 Bxd5 11. Bd3 f5 12. Nc3 c6 13. Nxd5 cxd5 14. Qb3 Qf7
15. Ne5 Qg7 16. Qxd5 Bb4 17. Qe6+ Be7 18. Qc8+ Bd8 19. Bb5+ Nc6 20. Qe6+ Qe7
21. Qxg8+ Qf8 22. Qe6+ Qe7 23. Bxc6+ bxc6 24. Qxc6+ Kf8 25. Bh6+ Kg8 26. Qd5+
Kh8 27. Nf7+ Kg8 28. Nxd8+ Kh8 29. Nf7+ Qxf7 30. Qxf7 Rg8 31. Rxe4 fxe4 32.
Qf6+ Rg7 33. Qxg7# {Hossa checkmated} 1-0

[Event "ICS rated blitz match"]
[Site "204.178.125.65"]
[Date "2000.10.16"]
[Round "?"]
[White "Hossa"]
[Black "tapsatal"]
[Result "1-0"]
[WhiteElo "2499"]
[BlackElo "2062"]
[PlyCount "65"]
[EventDate "2000.??.??"]

1. e4 c6 2. d4 d5 3. Nc3 Nf6 4. e5 Ng8 5. Bd3 e6 6. Nf3 g6 7. O-O h5 8. Ne2 Bh6
9. c4 Bxc1 10. Qxc1 Nd7 11. cxd5 cxd5 12. Nc3 a6 13. Qf4 Qe7 14. Rfc1 Nh6 15.
Rc2 Nf5 16. Rac1 O-O 17. Bxf5 exf5 18. Nxd5 Qd8 19. Rxc8 Rxc8 20. Rxc8 Qa5 21.
Nf6+ Nxf6 22. Rxf8+ Kxf8 23. exf6 Ke8 24. Qe3+ Kd8 25. Qe7+ Kc8 26. Qxf7 Qb5
27. Qf8+ Kc7 28. Qe7+ Kb8 29. Qe5+ Ka8 30. f7 Qxb2 31. f8=Q+ Ka7 32. Qeb8+ Kb6
33. Qc5# {tapsatal checkmated} 1-0

[Event "ICS rated blitz match"]
[Site "204.178.125.65"]
[Date "2000.10.16"]
[Round "?"]
[White "Hossa"]
[Black "agenbite"]
[Result "1-0"]
[WhiteElo "2501"]
[BlackElo "2172"]
[PlyCount "27"]
[EventDate "2000.??.??"]

1. e4 d5 2. exd5 Qxd5 3. Nc3 Qe6+ 4. Be2 Qg6 5. Bf3 Nc6 6. d3 e5 7. Nb5 Bd6 8.
Ne2 Nge7 9. Nxd6+ cxd6 10. h4 Bg4 11. h5 Qe6 12. Bxc6+ Nxc6 13. f3 Bf5 14. g4 {
agenbite resigns} 1-0

[Event "ICS rated blitz match"]
[Site "204.178.125.65"]
[Date "2000.10.16"]
[Round "?"]
[White "Hossa"]
[Black "SwampBaby"]
[Result "1-0"]
[WhiteElo "2508"]
[BlackElo "2092"]
[PlyCount "105"]
[EventDate "2000.??.??"]

1. e4 c6 2. d4 d6 3. Nf3 Bg4 4. Bf4 g6 5. Bc4 e6 6. h3 Bxf3 7. Qxf3 d5 8. exd5
cxd5 9. Bb5+ Nc6 10. O-O Bg7 11. c3 Nge7 12. Re1 O-O 13. Bd3 a6 14. Nd2 Nc8 15.
Qg3 Qd7 16. h4 f6 17. h5 g5 18. h6 Bxh6 19. Qg4 Kh8 20. Bg3 f5 21. Qh5 Rf6 22.
Nf3 f4 23. Bh2 Qg7 24. Ne5 Nxe5 25. dxe5 Rf8 26. Qg4 Qf7 27. Qh3 Kg7 28. Be2
Ne7 29. Bg4 Nf5 30. Rad1 b5 31. Rd2 Rac8 32. Ra1 Rc4 33. Re2 Rfc8 34. Ree1 b4
35. Be2 Re4 36. Bxa6 Rxe1+ 37. Rxe1 Ra8 38. Be2 Rxa2 39. cxb4 Rxb2 40. Qa3 Rd2
41. Bd3 g4 42. Qc3 Ra2 43. Bb1 Ra7 44. b5 g3 45. fxg3 fxg3 46. Bxg3 Nxg3 47.
Qxg3+ Kh8 48. Rf1 Qg8 49. Qh3 Qg5 50. Qxe6 Qe3+ 51. Kh1 Rg7 52. Rf8+ Rg8 53.
Rxg8# {SwampBaby checkmated} 1-0

[Event "ICS rated blitz match"]
[Site "204.178.125.65"]
[Date "2000.10.16"]
[Round "?"]
[White "SwampBaby"]
[Black "Hossa"]
[Result "0-1"]
[WhiteElo "2076"]
[BlackElo "2511"]
[PlyCount "29"]
[EventDate "2000.??.??"]

1. d4 d5 2. Bf4 c5 3. e3 Nc6 4. c3 cxd4 5. exd4 Bf5 6. Nd2 e6 7. Ngf3 Nf6 8.
Be2 Bd6 9. Ne5 O-O 10. O-O Qc7 11. g4 Bg6 12. Bg3 Nxe5 13. dxe5 Bxe5 14. f4 Bd6
15. Qa4 {SwampBaby resigns} 0-1

[Event "ICS rated standard match"]
[Site "204.178.125.65"]
[Date "2000.10.16"]
[Round "?"]
[White "Justchess"]
[Black "Hossa"]
[Result "0-1"]
[WhiteElo "1933"]
[BlackElo "2377"]
[PlyCount "21"]
[EventDate "2000.??.??"]

1. d4 d5 2. Bf4 c5 3. dxc5 Nc6 4. c3 e5 5. Bg3 Nf6 6. h3 Ne4 7. Bh2 Bxc5 8. e3
Qh4 9. Qf3 O-O 10. Bg3 Nxg3 11. Qxg3 {Justchess resigns} 0-1

[Event "ICS rated blitz match"]
[Site "204.178.125.65"]
[Date "2000.10.16"]
[Round "?"]
[White "Hossa"]
[Black "pavi"]
[Result "1-0"]
[WhiteElo "2513"]
[BlackElo "1934"]
[PlyCount "55"]
[EventDate "2000.??.??"]

1. e4 e5 2. Nf3 Nc6 3. d4 exd4 4. Nxd4 Bc5 5. Nb3 Bb6 6. Bd3 Qf6 7. O-O d6 8.
Nc3 Nge7 9. Na4 O-O 10. Nxb6 axb6 11. Qh5 Ne5 12. Bg5 Qe6 13. Nd4 Qd7 14. Be2
N7g6 15. f4 Nc6 16. Bb5 Qe8 17. f5 Nge5 18. f6 Bd7 19. fxg7 Nxd4 20. Bh6 Ng6
21. Qg5 Qxe4 22. gxf8=Q+ Rxf8 23. Bxd7 Ne2+ 24. Kh1 Ra8 25. Qf6 Qe5 26. Qxf7+
Kh8 27. Bg4 Nd4 28. Rae1 {pavi resigns} 1-0

[Event "ICS rated blitz match"]
[Site "204.178.125.65"]
[Date "2000.10.16"]
[Round "?"]
[White "Hossa"]
[Black "SKIPPER"]
[Result "1-0"]
[WhiteElo "2530"]
[BlackElo "2212"]
[PlyCount "117"]
[EventDate "2000.??.??"]

1. e4 c5 2. Nf3 e6 3. Nc3 a6 4. d4 cxd4 5. Nxd4 Qc7 6. Bd3 Nf6 7. O-O h5 8. Bg5
Ng4 9. Nf3 Nc6 10. h3 f6 11. Bh4 Bc5 12. Na4 Ba7 13. Kh1 g5 14. Bg3 d6 15. hxg4
hxg4+ 16. Nh2 e5 17. Kg1 Rxh2 18. Bxh2 Qh7 19. Nc3 Be6 20. Be2 g3 21. Bxg3 Ke7
22. Nd5+ Bxd5 23. exd5 Rh8 24. Bh5 Nd8 25. a4 Qxh5 26. Qxh5 Rxh5 27. Ra3 f5 28.
Rc3 Kd7 29. Bh2 f4 30. Rh3 Rh4 31. Re1 Nf7 32. Kf1 Nh6 33. Bg1 Nf5 34. c3 g4
35. Rxh4 Nxh4 36. b3 f3 37. g3 Nf5 38. Re4 Nh6 39. a5 Bc5 40. Ke1 Ke7 41. Kd2
Kd7 42. Rc4 Ba7 43. Kc2 Bb8 44. Rb4 Kc8 45. Re4 Kd7 46. b4 Bc7 47. c4 Ke7 48.
c5 Kf6 49. cxd6 Bxd6 50. Kc3 Nf5 51. Rxg4 Ne7 52. Kc4 Ng6 53. Re4 Kf5 54. Kd3
Ne7 55. g4+ Kf6 56. Kc4 Ng6 57. Re3 Kg5 58. Rxf3 Kxg4 59. Rf6 {SKIPPER resigns}
1-0

[Event "ICS rated blitz match"]
[Site "204.178.125.65"]
[Date "2000.10.16"]
[Round "?"]
[White "SKIPPER"]
[Black "Hossa"]
[Result "0-1"]
[WhiteElo "2208"]
[BlackElo "2534"]
[PlyCount "52"]
[EventDate "2000.??.??"]

1. Nf3 Nf6 2. d4 e6 3. Nbd2 d5 4. e3 Bd6 5. Ne5 Nbd7 6. f4 c5 7. c3 cxd4 8.
exd4 Ne4 9. g3 Nxd2 10. Bxd2 Qb6 11. Bc1 O-O 12. Bd3 Qd8 13. Qe2 Qc7 14. g4 f6
15. Rg1 fxe5 16. fxe5 Bxe5 17. dxe5 Nxe5 18. Rg3 Nxd3+ 19. Rxd3 Bd7 20. Rg3 e5
21. Bd2 Rf7 22. O-O-O Raf8 23. Qd3 Be6 24. Kb1 Rf2 25. h4 a5 26. g5 Bf5 {
SKIPPER resigns} 0-1

[Event "ICS rated blitz match"]
[Site "204.178.125.65"]
[Date "2000.10.16"]
[Round "?"]
[White "Hossa"]
[Black "SKIPPER"]
[Result "1-0"]
[WhiteElo "2538"]
[BlackElo "2204"]
[PlyCount "51"]
[EventDate "2000.??.??"]

1. e4 c5 2. Nf3 e6 3. Nc3 a6 4. d4 cxd4 5. Nxd4 Qc7 6. Bd3 Nf6 7. O-O h5 8. Bg5
Ng4 9. Nf3 Nc6 10. h3 f6 11. Bh4 Bc5 12. Na4 Ba7 13. Kh1 g5 14. Bg3 Nge5 15.
Nxe5 fxe5 16. Be2 h4 17. Bh5+ Ke7 18. Bh2 b5 19. Nc3 Bb7 20. a3 Na5 21. Bg4 Nc4
22. b3 Ne3 23. fxe3 Qxc3 24. Rf7+ Kxf7 25. Qxd7+ Kf8 26. Rf1+ {SKIPPER resigns}
1-0

[Event "ICS rated blitz match"]
[Site "204.178.125.65"]
[Date "2000.10.16"]
[Round "?"]
[White "SKIPPER"]
[Black "Hossa"]
[Result "0-1"]
[WhiteElo "2200"]
[BlackElo "2542"]
[PlyCount "64"]
[EventDate "2000.??.??"]

1. Nf3 Nf6 2. d4 e6 3. Nbd2 d5 4. e3 Bd6 5. Ne5 Nbd7 6. f4 c5 7. c3 cxd4 8.
exd4 Ne4 9. g3 Nxd2 10. Qxd2 f6 11. Nf3 Nb6 12. Bd3 Bd7 13. O-O Qe7 14. Re1
O-O-O 15. b4 Kb8 16. Qd1 Rc8 17. Bd2 Qf7 18. a4 g6 19. a5 Nc4 20. Bxc4 Rxc4 21.
Qb3 Bb5 22. Bc1 Rhc8 23. Bb2 R4c7 24. Qd1 Re8 25. Re3 Qg8 26. Qe1 h6 27. Qf2
Rf8 28. Rae1 Re7 29. Qd2 Rfe8 30. Kg2 g5 31. fxg5 hxg5 32. Qf2 Bf4 {
SKIPPER resigns} 0-1

[Event "ICS rated blitz match"]
[Site "204.178.125.65"]
[Date "2000.10.16"]
[Round "?"]
[White "Hossa"]
[Black "SKIPPER"]
[Result "1-0"]
[WhiteElo "2546"]
[BlackElo "2196"]
[PlyCount "57"]
[EventDate "2000.??.??"]

1. e4 c5 2. Nf3 e6 3. Nc3 a6 4. d4 cxd4 5. Nxd4 Qc7 6. Bd3 Nf6 7. O-O h5 8. Bg5
Ng4 9. Nf3 Nc6 10. h3 f6 11. Bh4 Bc5 12. Na4 Bd6 13. hxg4 hxg4 14. e5 Bxe5 15.
Bg6+ Kf8 16. Nxe5 Qxe5 17. Bg3 Qg5 18. Qd6+ Kg8 19. Nb6 Ne5 20. Bxe5 fxe5 21.
Nxc8 Rxc8 22. Qxd7 Qxg6 23. Qxc8+ Kh7 24. Qxb7 Qh5 25. Qxa6 Rf8 26. Qd3+ Kh6
27. Rfe1 Rf6 28. Re4 g5 29. Rxe5 {SKIPPER resigns} 1-0

[Event "ICS rated blitz match"]
[Site "204.178.125.65"]
[Date "2000.10.16"]
[Round "?"]
[White "Hossa"]
[Black "rmdg567"]
[Result "1-0"]
[WhiteElo "2550"]
[BlackElo "2032"]
[PlyCount "66"]
[EventDate "2000.??.??"]

1. d4 Nf6 2. c4 g6 3. Nf3 Bg7 4. Nc3 O-O 5. e4 d6 6. Bg5 h6 7. Bd2 e5 8. dxe5
dxe5 9. Qc1 Kh7 10. Be2 Nc6 11. O-O Nd4 12. Bd1 Nxf3+ 13. Bxf3 Be6 14. Nd5 c6
15. Nxf6+ Qxf6 16. Qc2 Rad8 17. Be3 b6 18. c5 b5 19. Rfd1 Qe7 20. Rd6 f5 21.
Rxc6 f4 22. Bd2 g5 23. Ra6 g4 24. Be2 f3 25. gxf3 gxf3 26. Bxb5 Rg8 27. Kh1 Bh3
28. Bc4 Bg2+ 29. Kg1 Rgf8 30. Be6 Rf6 31. Bf5+ Kh8 32. c6 Qc7 33. Ba5 Qc8 {
rmdg567 resigns} 1-0

[Event "ICS rated blitz match"]
[Site "204.178.125.65"]
[Date "2000.10.16"]
[Round "?"]
[White "PabloZelig"]
[Black "Hossa"]
[Result "0-1"]
[WhiteElo "2094"]
[BlackElo "2552"]
[PlyCount "72"]
[EventDate "2000.??.??"]

1. d4 d5 2. c4 dxc4 3. Nf3 b5 4. a4 c5 5. e3 cxd4 6. exd4 Qa5+ 7. Bd2 Qb6 8.
axb5 Qxb5 9. Nc3 Qb3 10. Ne5 Qxd1+ 11. Rxd1 f6 12. Nxc4 e6 13. Nb5 Kd7 14. Bf4
Bb4+ 15. Bd2 Bxd2+ 16. Kxd2 Ba6 17. Ne3 Ne7 18. Rc1 Nbc6 19. Bd3 Rab8 20. Rc5
Na5 21. Rc7+ Kd8 22. Rxa7 Nb3+ 23. Ke2 Bxb5 24. Bxb5 Nxd4+ 25. Kd3 Nxb5 26. Ra6
Nd5 27. Nxd5 exd5 28. Rd1 Nc7 29. Ra2 Kd7 30. Kc3 Ra8 31. Rxa8 Rxa8 32. Kb3 Kd6
33. Rd3 Ne6 34. Kc2 Ra4 35. g3 Rc4+ 36. Kd2 Rd4 {PabloZelig resigns} 0-1

[Event "ICS rated blitz match"]
[Site "204.178.125.65"]
[Date "2000.10.16"]
[Round "?"]
[White "Hossa"]
[Black "QueenMaxima"]
[Result "0-1"]
[WhiteElo "2554"]
[BlackElo "2437"]
[PlyCount "122"]
[EventDate "2000.??.??"]

1. d4 e6 2. c4 Nf6 3. Nc3 Bb4 4. Qc2 d5 5. e3 c5 6. a3 Bxc3+ 7. bxc3 O-O 8. Nf3
Nbd7 9. cxd5 exd5 10. Ng5 h6 11. Nf3 Qa5 12. Nd2 Re8 13. a4 cxd4 14. cxd4 Nb6
15. Qc5 Qxc5 16. dxc5 Nbd7 17. Nb3 Ne4 18. Ba3 Ne5 19. f3 Nf6 20. Bb5 Bd7 21.
Bc1 a6 22. Be2 Bf5 23. O-O Nfd7 24. Ra2 Rac8 25. Ba3 Nc4 26. Bxc4 dxc4 27. Na5
Bd3 28. Rff2 Rxe3 29. Ra1 Nxc5 30. Bxc5 Rxc5 31. Nxb7 Rce5 32. Rd2 c3 33. Rdd1
c2 34. Rdc1 Re2 35. Nd8 Rd2 36. Kh1 Ree2 37. Rg1 Bf5 38. Nc6 Bh3 39. Rac1 Rxg2
40. Rxg2 Bxg2+ 41. Kg1 Bh3 42. Rxc2 Rxc2 43. Ne5 Rg2+ 44. Kf1 Rg5+ 45. Kf2 Rxe5
46. f4 Ra5 47. Ke3 Rxa4 48. f5 Bxf5 49. Kf3 Ra3+ 50. Kf4 g6 51. Ke5 a5 52. Kd4
Rd3+ 53. Kc4 a4 54. h4 a3 55. h5 a2 56. hxg6 a1=Q 57. gxf7+ Kxf7 58. Kb5 Rb3+
59. Kc4 Qc3+ 60. Kd5 Rb5+ 61. Kd6 Qc5# {Hossa checkmated} 0-1

[Event "ICS rated standard match"]
[Site "204.178.125.65"]
[Date "2000.10.16"]
[Round "?"]
[White "Hossa"]
[Black "raw-pawn"]
[Result "1-0"]
[WhiteElo "2379"]
[BlackElo "2125"]
[PlyCount "48"]
[EventDate "2000.??.??"]

1. e4 c5 2. Nf3 d6 3. d4 cxd4 4. Nxd4 Nf6 5. Nd2 g6 6. Bd3 Bg7 7. c3 O-O 8.
N2b3 Nc6 9. Nxc6 bxc6 10. O-O d5 11. exd5 cxd5 12. Re1 Qd6 13. f3 e5 14. Be3
Re8 15. Qc2 Ba6 16. Bc5 Bxd3 17. Qxd3 Qc7 18. Be3 Rad8 19. Qb5 Rd6 20. Qc5 Rc6
21. Qxa7 Qxa7 22. Bxa7 Ra6 23. Bf2 Rea8 24. a3 Rb6 {raw-pawn resigns} 1-0

[Event "ICS rated standard match"]
[Site "204.178.125.65"]
[Date "2000.10.16"]
[Round "?"]
[White "puter"]
[Black "Hossa"]
[Result "1-0"]
[WhiteElo "2398"]
[BlackElo "2385"]
[PlyCount "151"]
[EventDate "2000.??.??"]

1. e4 e5 2. Nf3 Nf6 3. d4 Nxe4 4. Bd3 d5 5. Nxe5 Nd7 6. Nxd7 Bxd7 7. O-O Bd6 8.
c4 c6 9. Nc3 Qc7 10. Bxe4 dxe4 11. Qh5 g6 12. Qh6 f5 13. Bg5 Kf7 14. Rac1 Bf8
15. Qh4 Bg7 16. Rfd1 Qd6 17. Bf4 Qb4 18. b3 Qe7 19. Qg3 h6 20. Be5 Qg5 21. Qh3
Rhd8 22. Bc7 Re8 23. Ne2 e3 24. f3 Qe7 25. f4 Qa3 26. Be5 Qxa2 27. Qxe3 Qa3 28.
d5 Qb4 29. Rc2 a6 30. Qd4 Bf8 31. d6 Kg8 32. Qb2 Qc5+ 33. Kh1 Qa7 34. c5 b6 35.
b4 bxc5 36. bxc5 Be6 37. Rcc1 a5 38. Bf6 a4 39. Rd2 a3 40. Qa1 Bd5 41. Nc3 Be6
42. Na2 Rab8 43. Rcd1 Qf7 44. d7 Red8 45. Bxd8 Rxd8 46. Nb4 Rxd7 47. Qxa3 Rxd2
48. Rxd2 Qc7 49. Qe3 Bf7 50. h3 Qb7 51. Rd8 g5 52. Nxc6 gxf4 53. Qe5 Qb1+ 54.
Kh2 Qe4 55. Qe7 Qxe7 56. Nxe7+ Kg7 57. Nxf5+ Kg8 58. Nxh6+ Kg7 59. Nf5+ Kg8 60.
c6 Bc4 61. Nd6 Ba6 62. Ra8 f3 63. gxf3 Kg7 64. Nf5+ Kf6 65. Rxa6 Ke6 66. Nd4+
Ke7 67. Kg2 Bh6 68. Ra7+ Kd6 69. Rd7+ Ke5 70. c7 Be3 71. c8=Q Bxd4 72. Qe8+ Kf5
73. Qf7+ Bf6 74. Rd5+ Kf4 75. Qxf6+ Ke3 76. Qe5# {Hossa checkmated} 1-0